The Economics of Labour Markets and Management (Record no. 3485)

MARC details
000 -LEADER
fixed length control field 00561nam a2200205 4500
003 - CONTROL NUMBER IDENTIFIER
control field OSt
005 - DATE AND TIME OF LATEST TRANSACTION
control field 20180423171924.0
008 - FIXED-LENGTH DATA ELEMENTS--GENERAL INFORMATION
fixed length control field 160412b xxu||||| |||| 00| 0 eng d
020 ## - INTERNATIONAL STANDARD BOOK NUMBER
International Standard Book Number 0091731666
040 ## - CATALOGING SOURCE
Transcribing agency 040a
082 ## - DEWEY DECIMAL CLASSIFICATION NUMBER
Classification number 331.12
Item number SHA 1989
100 ## - MAIN ENTRY--PERSONAL NAME
Personal name Mallier, Tony; Shafto, Toney
9 (RLIN) 7789
245 ## - TITLE STATEMENT
Title The Economics of Labour Markets and Management
260 ## - PUBLICATION, DISTRIBUTION, ETC. (IMPRINT)
Place of publication, distribution, etc. London;
Name of publisher, distributor, etc. Hutchinson,
Date of publication, distribution, etc. 1989
300 ## - PHYSICAL DESCRIPTION
Extent viii, 336p;
Other physical details ill :
Dimensions 11 cm.
504 ## - BIBLIOGRAPHY, ETC. NOTE
Bibliography, etc Includes index
650 ## - SUBJECT ADDED ENTRY--TOPICAL TERM
Topical term or geographic name as entry element Labour market
9 (RLIN) 12622
650 ## - SUBJECT ADDED ENTRY--TOPICAL TERM
Topical term or geographic name as entry element Management
9 (RLIN) 364
942 ## - ADDED ENTRY ELEMENTS (KOHA)
Source of classification or shelving scheme Dewey Decimal Classification
Koha item type Short Loan
Holdings
Withdrawn status Lost status Source of classification or shelving scheme Damaged status Not for loan Home library Current library Date acquired Inventory number Total Checkouts Full call number Barcode Date last seen Price effective from Koha item type
    Dewey Decimal Classification     MUST Main Library MUST Main Library 12/04/2016 2001/16473   331.12 SHA 1989 2016-0767 12/04/2016 12/04/2016 Short Loan